Комментарий к Федеральному Закону от 5 февраля 2014 г. № 3-ФКЗ " О Верховом суде Российской Федерации" (Запись № 10357635)

Подробности
000 -МАРКЕР
контрольное поле 01931nam0a2200361 i 4500
001 - ИДЕНТИФИКАТОР ЗАПИСИ
контрольное поле RU\NLR\BIBL_A\010555656
005 - ИДЕНТИФИКАТОР ВЕРСИИ
контрольное поле 20260407073940.0
010 ## - МЕЖДУНАРОДНЫЙ СТАНДАРТНЫЙ НОМЕР КНИГИ (ISBN)
Номер (ISBN) 9785720512453
021 ## - НОМЕР ГОСУДАРСТВЕННОЙ РЕГИСТРАЦИИ
Код страны российская федерация
Номер 2014-73673
Номер Листа государственной регистраци 4515
035 ## - ДРУГИЕ СИСТЕМНЫЕ НОМЕРА
Идентификатор записи (NILC)RuMoRGB-007561419
035 ## - ДРУГИЕ СИСТЕМНЫЕ НОМЕРА
Идентификатор записи (NLR Aleph) 010555656
100 ## - ДАННЫЕ ОБЩЕЙ ОБРАБОТКИ
Данные общей обработки 20141204d2014 um y0rusy50 ca
101 0# - ЯЗЫК РЕСУРСА
Язык текста, звукозаписи и т.д. русский
102 ## - СТРАНА ПУБЛИКАЦИИ ИЛИ ПРОИЗВОДСТВА
Страна публикации российская федерация
105 ## - ПОЛЕ КОДИРОВАННЫХ ДАННЫХ: ТЕКСТОВЫЕ МАТЕРИАЛЫ, МОНОГРАФИЧЕСКИЕ
Кодированные данные о монографическом текстовом документе y|||n|||000yy
200 1# - ЗАГЛАВИЕ И СВЕДЕНИЯ ОБ ОТВЕТСТВЕННОСТИ
Основное заглавие Комментарий к Федеральному Закону от 5 февраля 2014 г. № 3-ФКЗ " О Верховом суде Российской Федерации"
Сведения, относящиеся к заглавию (в ред. Федерального конституционного закона от 4 июня 2014 г. № 8-ФКЗ)
-- (постатейный)
Первые сведения об ответственности А. Н. Борисов
210 ## - ПУБЛИКАЦИЯ, РАСПРОСТРАНЕНИЕ И ДР.
Место издания, распространения и т.д. Москва
Имя издателя, распространителя и т. д. Юстицинформ
Дата издания, распространения и т.д. 2014
215 ## - ФИЗИЧЕСКАЯ ХАРАКТЕРИСТИКА
Специфическое обозначение материала и объем 191 с.
Размеры 21 см
225 1# - СЕРИЯ
Основное заглавие серии Комментарий специалиста
320 ## - ПРИМЕЧАНИЯ О НАЛИЧИИ В ДОКУМЕНТЕ БИБЛИОГРАФИИ / УКАЗАТЕЛЯ
Текст примечания Библиогр.: с. 180-189, в подстроч. примеч. и в тексте
320 ## - ПРИМЕЧАНИЯ О НАЛИЧИИ В ДОКУМЕНТЕ БИБЛИОГРАФИИ / УКАЗАТЕЛЯ
Текст примечания Др. работы авт. на 4-й с. обл.
517 1# - ДРУГИЕ ВАРИАНТЫ ЗАГЛАВИЯ
Вариант заглавия О Верховом суде Российской Федерации"
Сведения, относящиеся к заглавию федеральный закон от 5 февраля 2014 г. № 3-ФКЗ
601 01 - НАИМЕНОВАНИЕ ОРГАНИЗАЦИИ КАК ПРЕДМЕТ
Начальный элемент ввода Российская Федерация
Структурное подразделение организации Верховный Суд
Формальный подзаголовок Законодательные материалы
-- Комментарии
Системный номер авторитетной/нормативной записи 2086413
Идентификатор авторитетной/нормативной записи RU\NLR\AUTH\661262547
686 1# - ИНДЕКСЫ ДРУГИХ КЛАССИФИКАЦИЙ
Индекс Х629.016-39(2Р)
700 #1 - ИМЯ ЛИЦА - ПЕРВИЧНАЯ ОТВЕТСТВЕННОСТЬ
Материалы, к которым относится поле rus
Графика поля Кириллица
Начальный элемент ввода Борисов
Часть имени, кроме начального элемента ввода А. Н.
Дополнения к именам, кроме дат юрист
Даты 1972-
Расширение инициалов личного имени Александр Николаевич
Идентификатор авторитетной/нормативной записи RU\NLR\AUTH\7724478
Системный номер авторитетной/нормативной записи 7529
742 #1 - УСЛОВНОЕ НАИМЕНОВАНИЕ / ЗАГЛАВИЕ ДЛЯ ЗАКОНОДАТЕЛЬНЫХ И РЕЛИГИОЗНЫХ ТЕКСТОВ - ВТОРИЧНАЯ ОТВЕТСТВЕННОСТЬ
Начальный элемент ввода Российская Федерация
Обозначение вида документа Законы
Идентификатор авторитетной/нормативной записи RU\NLR\AUTH\883331
-- 277893
801 #0 - ИСТОЧНИК ЗАПИСИ
Страна российская федерация
Организация РГБ
Дата составления 20141002
Правила каталогизации RCR
801 #1 - ИСТОЧНИК ЗАПИСИ
Страна российская федерация
Организация РГБ
Дата составления 20141002
Источник данных rusmarc
942 ## - ДОПОЛНИТЕЛЬНЫЕ ЭЛЕМЕНТЫ ЗАПИСИ (АБИС)
Тип экземпляра АБИС Книга
980 ## - КОЛЛЕКЦИЯ
Название коллекции НБР

Нет доступных экземпляров.